<?xml version="1.0" encoding="UTF-8"?><marc:collection xmlns:marc="http://www.loc.gov/MARC21/slim">
  <marc:record>
    <marc:leader>04912cam a2200757 c 4500</marc:leader>
    <marc:controlfield tag="001">836221494</marc:controlfield>
    <marc:controlfield tag="003">DE-627</marc:controlfield>
    <marc:controlfield tag="005">20251224200327.0</marc:controlfield>
    <marc:controlfield tag="007">cr uuu---uuuuu</marc:controlfield>
    <marc:controlfield tag="008">151007s2006    gw |||||o     00| ||ger c</marc:controlfield>
    <marc:datafield tag="024" ind1="7" ind2=" ">
      <marc:subfield code="a">10419/116411</marc:subfield>
      <marc:subfield code="2">hdl</marc:subfield>
    </marc:datafield>
    <marc:datafield tag="035" ind1=" " ind2=" ">
      <marc:subfield code="a">(DE-627)836221494</marc:subfield>
    </marc:datafield>
    <marc:datafield tag="035" ind1=" " ind2=" ">
      <marc:subfield code="a">(DE-599)GBV836221494</marc:subfield>
    </marc:datafield>
    <marc:datafield tag="035" ind1=" " ind2=" ">
      <marc:subfield code="a">(OCoLC)931986644</marc:subfield>
    </marc:datafield>
    <marc:datafield tag="040" ind1=" " ind2=" ">
      <marc:subfield code="a">DE-627</marc:subfield>
      <marc:subfield code="b">ger</marc:subfield>
      <marc:subfield code="c">DE-627</marc:subfield>
      <marc:subfield code="e">rakwb</marc:subfield>
    </marc:datafield>
    <marc:datafield tag="041" ind1=" " ind2=" ">
      <marc:subfield code="a">ger</marc:subfield>
    </marc:datafield>
    <marc:datafield tag="044" ind1=" " ind2=" ">
      <marc:subfield code="c">XA-DE</marc:subfield>
    </marc:datafield>
    <marc:datafield tag="082" ind1="0" ind2=" ">
      <marc:subfield code="a">331.127</marc:subfield>
      <marc:subfield code="q">SEPA</marc:subfield>
    </marc:datafield>
    <marc:datafield tag="082" ind1="0" ind2=" ">
      <marc:subfield code="a">338.4</marc:subfield>
      <marc:subfield code="q">SEPA</marc:subfield>
    </marc:datafield>
    <marc:datafield tag="084" ind1=" " ind2=" ">
      <marc:subfield code="a">QR 560</marc:subfield>
      <marc:subfield code="q">SEPA</marc:subfield>
      <marc:subfield code="2">rvk</marc:subfield>
      <marc:subfield code="0">(DE-625)rvk/142061:</marc:subfield>
    </marc:datafield>
    <marc:datafield tag="084" ind1=" " ind2=" ">
      <marc:subfield code="a">83.40</marc:subfield>
      <marc:subfield code="2">bkl</marc:subfield>
    </marc:datafield>
    <marc:datafield tag="245" ind1="0" ind2="0">
      <marc:subfield code="a">GATS-Dienstleistungsliberalisierung</marc:subfield>
      <marc:subfield code="b">sektorale Auswirkung und temporäre Mobilität von Erwerbstätigen</marc:subfield>
      <marc:subfield code="c">Thomas Fritz; Kai Mosebach; Werner Raza; Christoph Scherrer</marc:subfield>
    </marc:datafield>
    <marc:datafield tag="264" ind1=" " ind2="1">
      <marc:subfield code="a">Düsseldorf</marc:subfield>
      <marc:subfield code="b">Hans-Böckler-Stiftung</marc:subfield>
      <marc:subfield code="c">2006</marc:subfield>
    </marc:datafield>
    <marc:datafield tag="300" ind1=" " ind2=" ">
      <marc:subfield code="a">Online-Ressource (180 S.)</marc:subfield>
    </marc:datafield>
    <marc:datafield tag="336" ind1=" " ind2=" ">
      <marc:subfield code="a">Text</marc:subfield>
      <marc:subfield code="b">txt</marc:subfield>
      <marc:subfield code="2">rdacontent</marc:subfield>
    </marc:datafield>
    <marc:datafield tag="337" ind1=" " ind2=" ">
      <marc:subfield code="a">Computermedien</marc:subfield>
      <marc:subfield code="b">c</marc:subfield>
      <marc:subfield code="2">rdamedia</marc:subfield>
    </marc:datafield>
    <marc:datafield tag="338" ind1=" " ind2=" ">
      <marc:subfield code="a">Online-Ressource</marc:subfield>
      <marc:subfield code="b">cr</marc:subfield>
      <marc:subfield code="2">rdacarrier</marc:subfield>
    </marc:datafield>
    <marc:datafield tag="490" ind1="1" ind2=" ">
      <marc:subfield code="a">Edition der Hans-Böckler-Stiftung, Unternehmensmitbestimmung und Unternehmenssteuerung</marc:subfield>
      <marc:subfield code="v">168</marc:subfield>
    </marc:datafield>
    <marc:datafield tag="520" ind1=" " ind2=" ">
      <marc:subfield code="a">Wesentliches Ziel des seit 1995 rechtsgültigen GATS-Vertrages (General Agreement on Trade in Services) ist die "fortschreitende Liberalisierung" sämtlicher Dienstleistungsmärkte. Um dieses Ziel zu erreichen, wird seit 2000 eine weitere Liberalisierung verhandelt. Die vorliegende Studie lotet die potenziellen Auswirkungen der derzeitigen Verhandlungspositionen auf den rechtlichen und institutionellen Handlungsrahmen der gewichtigen Sektoren Finanz-, Umwelt-, Transport- und Gesundheitsdienstleistungen aus. Der Fokus der Betrachtung liegt dabei auf möglichen Veränderungen für Beschäftigte im Dienstleistungssektor Deutschlands. Dabei werden zum Teil erhebliche Risiken für Beschäftigte und deren Vertretungsorgane identifiziert. Gerade öffentliche Dienste geraten unter Druck. Die geforderte Liberalisierung der temporären Arbeitsmigration läuft zudem Gefahr, bisherige tarifliche Vereinbarungen zu unterlaufen und die Rechte der ArbeitsmigrantInnen einzuschränken.</marc:subfield>
    </marc:datafield>
    <marc:datafield tag="538" ind1=" " ind2=" ">
      <marc:subfield code="a">Systemvoraussetzungen: PDF-Reader.</marc:subfield>
    </marc:datafield>
    <marc:datafield tag="630" ind1="0" ind2="4">
      <marc:subfield code="a">General Agreement on Trade in Services</marc:subfield>
      <marc:subfield code="x">(1994)</marc:subfield>
    </marc:datafield>
    <marc:datafield tag="650" ind1=" " ind2="7">
      <marc:subfield code="8">1.1\x</marc:subfield>
      <marc:subfield code="a">GATS</marc:subfield>
      <marc:subfield code="0">(DE-627)091361907</marc:subfield>
      <marc:subfield code="0">(DE-2867)19958-1</marc:subfield>
      <marc:subfield code="2">stw</marc:subfield>
    </marc:datafield>
    <marc:datafield tag="650" ind1=" " ind2="7">
      <marc:subfield code="8">1.2\x</marc:subfield>
      <marc:subfield code="a">Wirkungsanalyse</marc:subfield>
      <marc:subfield code="0">(DE-627)09140116X</marc:subfield>
      <marc:subfield code="0">(DE-2867)10991-6</marc:subfield>
      <marc:subfield code="2">stw</marc:subfield>
    </marc:datafield>
    <marc:datafield tag="650" ind1=" " ind2="7">
      <marc:subfield code="8">1.3\x</marc:subfield>
      <marc:subfield code="a">Finanzdienstleistung</marc:subfield>
      <marc:subfield code="0">(DE-627)091359848</marc:subfield>
      <marc:subfield code="0">(DE-2867)18085-4</marc:subfield>
      <marc:subfield code="2">stw</marc:subfield>
    </marc:datafield>
    <marc:datafield tag="650" ind1=" " ind2="7">
      <marc:subfield code="8">1.4\x</marc:subfield>
      <marc:subfield code="a">Umweltwirtschaft</marc:subfield>
      <marc:subfield code="0">(DE-627)091396166</marc:subfield>
      <marc:subfield code="0">(DE-2867)12928-3</marc:subfield>
      <marc:subfield code="2">stw</marc:subfield>
    </marc:datafield>
    <marc:datafield tag="650" ind1=" " ind2="7">
      <marc:subfield code="8">1.5\x</marc:subfield>
      <marc:subfield code="a">Verkehrssektor</marc:subfield>
      <marc:subfield code="0">(DE-627)09139757X</marc:subfield>
      <marc:subfield code="0">(DE-2867)13264-1</marc:subfield>
      <marc:subfield code="2">stw</marc:subfield>
    </marc:datafield>
    <marc:datafield tag="650" ind1=" " ind2="7">
      <marc:subfield code="8">1.6\x</marc:subfield>
      <marc:subfield code="a">Gesundheitswesen</marc:subfield>
      <marc:subfield code="0">(DE-627)091363438</marc:subfield>
      <marc:subfield code="0">(DE-2867)13371-0</marc:subfield>
      <marc:subfield code="2">stw</marc:subfield>
    </marc:datafield>
    <marc:datafield tag="650" ind1=" " ind2="7">
      <marc:subfield code="8">1.7\x</marc:subfield>
      <marc:subfield code="a">Arbeitsmigranten</marc:subfield>
      <marc:subfield code="0">(DE-627)091348838</marc:subfield>
      <marc:subfield code="0">(DE-2867)11268-3</marc:subfield>
      <marc:subfield code="2">stw</marc:subfield>
    </marc:datafield>
    <marc:datafield tag="650" ind1=" " ind2="7">
      <marc:subfield code="8">1.8\x</marc:subfield>
      <marc:subfield code="a">Welt</marc:subfield>
      <marc:subfield code="0">(DE-627)09140004X</marc:subfield>
      <marc:subfield code="0">(DE-2867)16809-5</marc:subfield>
      <marc:subfield code="2">stw</marc:subfield>
    </marc:datafield>
    <marc:datafield tag="650" ind1=" " ind2="7">
      <marc:subfield code="8">1.9\x</marc:subfield>
      <marc:subfield code="a">Deutschland</marc:subfield>
      <marc:subfield code="0">(DE-627)091354749</marc:subfield>
      <marc:subfield code="0">(DE-2867)18012-3</marc:subfield>
      <marc:subfield code="2">stw</marc:subfield>
    </marc:datafield>
    <marc:datafield tag="650" ind1=" " ind2="7">
      <marc:subfield code="8">1.10\x</marc:subfield>
      <marc:subfield code="a">EU-Staaten</marc:subfield>
      <marc:subfield code="0">(DE-627)091358639</marc:subfield>
      <marc:subfield code="0">(DE-2867)17983-5</marc:subfield>
      <marc:subfield code="2">stw</marc:subfield>
    </marc:datafield>
    <marc:datafield tag="650" ind1=" " ind2="4">
      <marc:subfield code="a">International business enterprises</marc:subfield>
    </marc:datafield>
    <marc:datafield tag="650" ind1=" " ind2="4">
      <marc:subfield code="a">Labor mobility</marc:subfield>
    </marc:datafield>
    <marc:datafield tag="650" ind1=" " ind2="4">
      <marc:subfield code="a">Service industries</marc:subfield>
      <marc:subfield code="x">Government policy</marc:subfield>
    </marc:datafield>
    <marc:datafield tag="655" ind1=" " ind2="4">
      <marc:subfield code="0">(DE-206)34</marc:subfield>
      <marc:subfield code="a">Graue Literatur</marc:subfield>
      <marc:subfield code="5">DE-206</marc:subfield>
    </marc:datafield>
    <marc:datafield tag="689" ind1="0" ind2="0">
      <marc:subfield code="D">u</marc:subfield>
      <marc:subfield code="0">(DE-588)4402869-6</marc:subfield>
      <marc:subfield code="0">(DE-627)193682621</marc:subfield>
      <marc:subfield code="0">(DE-576)212077317</marc:subfield>
      <marc:subfield code="a">GATS</marc:subfield>
      <marc:subfield code="2">gnd</marc:subfield>
    </marc:datafield>
    <marc:datafield tag="689" ind1="0" ind2=" ">
      <marc:subfield code="5">DE-101</marc:subfield>
    </marc:datafield>
    <marc:datafield tag="689" ind1="1" ind2="0">
      <marc:subfield code="D">s</marc:subfield>
      <marc:subfield code="0">(DE-588)4002623-1</marc:subfield>
      <marc:subfield code="0">(DE-627)10639259X</marc:subfield>
      <marc:subfield code="0">(DE-576)208848010</marc:subfield>
      <marc:subfield code="a">Arbeitnehmer</marc:subfield>
      <marc:subfield code="2">gnd</marc:subfield>
    </marc:datafield>
    <marc:datafield tag="689" ind1="1" ind2="1">
      <marc:subfield code="D">s</marc:subfield>
      <marc:subfield code="0">(DE-588)4012183-5</marc:subfield>
      <marc:subfield code="0">(DE-627)10428031X</marc:subfield>
      <marc:subfield code="0">(DE-576)208897232</marc:subfield>
      <marc:subfield code="a">Dienstleistungssektor</marc:subfield>
      <marc:subfield code="2">gnd</marc:subfield>
    </marc:datafield>
    <marc:datafield tag="689" ind1="1" ind2="2">
      <marc:subfield code="D">s</marc:subfield>
      <marc:subfield code="0">(DE-588)4120670-8</marc:subfield>
      <marc:subfield code="0">(DE-627)105774847</marc:subfield>
      <marc:subfield code="0">(DE-576)209537035</marc:subfield>
      <marc:subfield code="a">Liberalisierung</marc:subfield>
      <marc:subfield code="2">gnd</marc:subfield>
    </marc:datafield>
    <marc:datafield tag="689" ind1="1" ind2="3">
      <marc:subfield code="D">s</marc:subfield>
      <marc:subfield code="0">(DE-588)4120730-0</marc:subfield>
      <marc:subfield code="0">(DE-627)105774456</marc:subfield>
      <marc:subfield code="0">(DE-576)209537477</marc:subfield>
      <marc:subfield code="a">Migration</marc:subfield>
      <marc:subfield code="2">gnd</marc:subfield>
    </marc:datafield>
    <marc:datafield tag="689" ind1="1" ind2=" ">
      <marc:subfield code="5">DE-101</marc:subfield>
    </marc:datafield>
    <marc:datafield tag="700" ind1="1" ind2=" ">
      <marc:subfield code="a">Fritz, Thomas</marc:subfield>
      <marc:subfield code="d">1976-</marc:subfield>
      <marc:subfield code="0">(DE-588)135568226</marc:subfield>
      <marc:subfield code="0">(DE-627)566777339</marc:subfield>
      <marc:subfield code="0">(DE-576)300520107</marc:subfield>
      <marc:subfield code="4">oth</marc:subfield>
    </marc:datafield>
    <marc:datafield tag="700" ind1="1" ind2=" ">
      <marc:subfield code="a">Mosebach, Kai</marc:subfield>
      <marc:subfield code="4">oth</marc:subfield>
    </marc:datafield>
    <marc:datafield tag="700" ind1="1" ind2=" ">
      <marc:subfield code="a">Raza, Werner</marc:subfield>
      <marc:subfield code="d">1967-</marc:subfield>
      <marc:subfield code="0">(DE-588)115823743</marc:subfield>
      <marc:subfield code="0">(DE-627)077496221</marc:subfield>
      <marc:subfield code="0">(DE-576)290098890</marc:subfield>
      <marc:subfield code="4">oth</marc:subfield>
    </marc:datafield>
    <marc:datafield tag="700" ind1="1" ind2=" ">
      <marc:subfield code="a">Scherrer, Christoph</marc:subfield>
      <marc:subfield code="d">1956-</marc:subfield>
      <marc:subfield code="0">(DE-588)120284626</marc:subfield>
      <marc:subfield code="0">(DE-627)080577482</marc:subfield>
      <marc:subfield code="0">(DE-576)164752331</marc:subfield>
      <marc:subfield code="4">oth</marc:subfield>
    </marc:datafield>
    <marc:datafield tag="776" ind1="1" ind2=" ">
      <marc:subfield code="z">3865930476</marc:subfield>
    </marc:datafield>
    <marc:datafield tag="776" ind1="1" ind2=" ">
      <marc:subfield code="z">9783865930477</marc:subfield>
    </marc:datafield>
    <marc:datafield tag="776" ind1="0" ind2="8">
      <marc:subfield code="i">Erscheint auch als</marc:subfield>
      <marc:subfield code="n">Druck-Ausgabe</marc:subfield>
      <marc:subfield code="t">GATS-Dienstleistungsliberalisierung</marc:subfield>
      <marc:subfield code="d">Düsseldorf : Hans-Böckler-Stiftung, 2006</marc:subfield>
      <marc:subfield code="h">178 S.</marc:subfield>
      <marc:subfield code="w">(DE-627)512690200</marc:subfield>
      <marc:subfield code="z">3865930476</marc:subfield>
      <marc:subfield code="z">9783865930477</marc:subfield>
    </marc:datafield>
    <marc:datafield tag="810" ind1="2" ind2=" ">
      <marc:subfield code="a">Hans-Böckler-Stiftung</marc:subfield>
      <marc:subfield code="t">Edition</marc:subfield>
      <marc:subfield code="v">168</marc:subfield>
      <marc:subfield code="9">168</marc:subfield>
      <marc:subfield code="w">(DE-627)73622548X</marc:subfield>
      <marc:subfield code="w">(DE-576)378986023</marc:subfield>
      <marc:subfield code="w">(DE-600)2703336-3</marc:subfield>
      <marc:subfield code="7">am</marc:subfield>
    </marc:datafield>
    <marc:datafield tag="856" ind1="4" ind2="0">
      <marc:subfield code="u">http://hdl.handle.net/10419/116411</marc:subfield>
      <marc:subfield code="x">Resolving-System</marc:subfield>
      <marc:subfield code="3">Volltext</marc:subfield>
      <marc:subfield code="7">1</marc:subfield>
    </marc:datafield>
    <marc:datafield tag="924" ind1="1" ind2=" ">
      <marc:subfield code="a">1570881618</marc:subfield>
      <marc:subfield code="b">DE-206</marc:subfield>
      <marc:subfield code="9">206</marc:subfield>
      <marc:subfield code="c">GBV</marc:subfield>
      <marc:subfield code="d">d</marc:subfield>
      <marc:subfield code="g">DS 513 (168)</marc:subfield>
      <marc:subfield code="h">K:</marc:subfield>
    </marc:datafield>
    <marc:datafield tag="924" ind1="1" ind2=" ">
      <marc:subfield code="a">1608095177</marc:subfield>
      <marc:subfield code="b">DE-89</marc:subfield>
      <marc:subfield code="9">89</marc:subfield>
      <marc:subfield code="c">GBV</marc:subfield>
      <marc:subfield code="d">d</marc:subfield>
    </marc:datafield>
    <marc:datafield tag="936" ind1="r" ind2="v">
      <marc:subfield code="a">QR 560</marc:subfield>
      <marc:subfield code="b">Dienstleistungsgewerbe</marc:subfield>
      <marc:subfield code="k">Wirtschaftswissenschaften</marc:subfield>
      <marc:subfield code="k">Gewerbepolitik. Einzelne Wirtschaftszweige</marc:subfield>
      <marc:subfield code="k">Industrie, Bergbau, Handel, Dienstleistungen, Handwerk</marc:subfield>
      <marc:subfield code="k">Dienstleistungsgewerbe</marc:subfield>
      <marc:subfield code="0">(DE-627)1270879286</marc:subfield>
      <marc:subfield code="0">(DE-625)rvk/142061:</marc:subfield>
      <marc:subfield code="0">(DE-576)200879286</marc:subfield>
    </marc:datafield>
    <marc:datafield tag="936" ind1="b" ind2="k">
      <marc:subfield code="a">83.40</marc:subfield>
      <marc:subfield code="j">Außenwirtschaft: Allgemeines</marc:subfield>
      <marc:subfield code="q">SEPA</marc:subfield>
      <marc:subfield code="0">(DE-627)106416367</marc:subfield>
    </marc:datafield>
    <marc:datafield tag="951" ind1=" " ind2=" ">
      <marc:subfield code="a">BO</marc:subfield>
    </marc:datafield>
  </marc:record>
</marc:collection>
